| 000 | 00481nam a22001457a 4500 | ||
|---|---|---|---|
| 020 | _a9789814271189 | ||
| 082 |
_a530. _bVYS/AP |
||
| 100 |
_aVysotskii,Vladimir I, _9729 |
||
| 100 |
_aKornilova,Alla A. _9730 |
||
| 100 |
_aSmirnov, World Sciientific _9731 |
||
| 245 | _aApplied Biophysics of Activated Water:The Physical Properties, Biological Effects and Medical Applications of MRET Activated Water | ||
| 260 |
_aNew Jersey _bWorld Scientific _c2009 |
||
| 300 | _a317 | ||
| 942 | _cBK | ||
| 999 |
_c14440 _d14440 |
||